000 00297nam a2200109Ia 4500
008 190216s9999||||xx |||||||||||||| ||und||
100 _a"Sidney Davison, Clyde P Stickney&Amp;Romen L Weil"
245 0 _aHand Book Of Modern Accounting
260 _bMcgraw -hill
_c1977
300 _a4713p
942 _cBK
999 _c4566
_d4566